000 00667nam a2200157 a 4500
008 120416s0000 ||||||||||||||||| || u
020 _a085365784X
050 _aZ 673.L74 Dev
100 _aDudley, Edward
245 1 4 _aThe development of national library and information services
_cedited by Edward Dudley
246 _apapers given at the first Library Association International Workshop, London, 1981
260 _aLondon
_bThe Library Association
_c1983
300 _axii, 202p. : ill.
350 _a0.00
995 _D0.00
_FCBU-MAIN LIBRARY (Kitwe)
_H1
_I19.50
_UAVAILABLE
_ZAnnex Low-Usage Collection
999 _c40001
_d40001